The Diary of Anne Frank / (Record no. 292461)
[ view plain ]
| 000 -LEADER | |
|---|---|
| fixed length control field | 00740nam a2200205Ia 4500 |
| 008 - FIXED-LENGTH DATA ELEMENTS--GENERAL INFORMATION | |
| fixed length control field | 160319s9999 xx 000 0 und d |
| 245 #4 - TITLE STATEMENT | |
| Title | The Diary of Anne Frank / |
| 245 ## - TITLE STATEMENT | |
| Statement of responsibility, etc | with trans to Buddy Elias and The Anne Frank-Fonds ; adapted for the screen by Deborah Moggach ; Darlow Smith productions. |
| 260 ## - PUBLICATION, DISTRIBUTION, ETC. (IMPRINT) | |
| Place of publication, distribution, etc | Bristol : |
| 260 ## - PUBLICATION, DISTRIBUTION, ETC. (IMPRINT) | |
| Name of publisher, distributor, etc | BBC Worldwide Ltd. ; British Broadcasting Corporation, |
| 260 ## - PUBLICATION, DISTRIBUTION, ETC. (IMPRINT) | |
| Date of publication, distribution, etc | 1996 |
| 300 ## - PHYSICAL DESCRIPTION | |
| Extent | 1 videodisc (100 mins.) : |
| 300 ## - PHYSICAL DESCRIPTION | |
| Other physical details | digital, sound., color. ; |
| 300 ## - PHYSICAL DESCRIPTION | |
| Dimensions | 4 3/4 in. |
| 650 ## - SUBJECT ADDED ENTRY--TOPICAL TERM | |
| Topical term or geographic name as entry element | Frank, Anne, -- 1929-1945. |
| 650 ## - SUBJECT ADDED ENTRY--TOPICAL TERM | |
| Topical term or geographic name as entry element | World War, 1939-1945 -- |
| 650 ## - SUBJECT ADDED ENTRY--TOPICAL TERM | |
| General subdivision | Personal narratives, Jewish. |
| 700 ## - ADDED ENTRY--PERSONAL NAME | |
| Personal name | Elias, Buddy., author |
| 700 ## - ADDED ENTRY--PERSONAL NAME | |
| Personal name | The Anne Frank-Fonds., Corporate. |
| Withdrawn status | Lost status | Damaged status | Home library | Current library | Date acquired | Total Checkouts | Barcode | Date last seen | Price effective from | Koha item type |
|---|---|---|---|---|---|---|---|---|---|---|
| Stonyhurst Southville International School (Batangas) | Stonyhurst Southville International School (Batangas) | 03/19/2016 | AV-064 | 03/19/2016 | 03/19/2016 | Audio Visual Materials |